000
00320nam a2200121 a 4500
005
20140414132104.0
008
100726s19uu xx 00 eng d
020
_a
978-0-7097-1284-8
050
_a
M 398.2
_b
Sp9 1993
245
_a
Fairy tales :
_b
large print.
260
_a
London :
_b
Brown Watson,
_c
1999.
999
_c
114525
_d
114525